Warrior cats Bird names - Statistics

General Stats
  • This quiz has been taken 28 times
    11 since last reset
  • The average score is 62 of 128
Answer Stats
% Correct
Bird that rides the wind
100%
Crowfeather
100%
Dovewing
100%
Jay
100%
Jayfeather
100%
Owl
100%
Owl feather
100%
OwlstarCotc
100%
OwlstarSotc
100%
Raven
100%
Ravenpaw
100%
Ravenwing
100%
RobinwingRc
100%
RobinwingSkc
100%
RobinwingTc
100%
RobinwingWc
100%
SparrowCotp
100%
Sparrowpelt
100%
SparrowRo
100%
SparrowSister
100%
Birdflight
75%
Birdwing
75%
Hawkheart
75%
HawkRh
75%
HawkSister
75%
Hawkwing
75%
Jayclaw
75%
Jay's wing
75%
Kitescratch
75%
Lark
75%
LarksongAvos
75%
LarksongBp
75%
Lark that sings at dawn
75%
LarkwingAvos
75%
LarkwingFq
75%
LarkwingMv
75%
Pigeonflight
75%
Pigeonfoot
75%
QuailfeatherCotc
75%
QuailfeatherTbc
75%
Ravenstar
75%
SparrowfeatherDf
75%
SparrowfeatherStc
75%
Sparrowstar
75%
Sparrowtail
75%
Starlingpaw
75%
ThrushpeltTc
75%
ThrushpeltWc
75%
Birdsong
50%
Buzzardstar
50%
Crowstar
50%
Crowtail
50%
DovestarRc
50%
DovestarWc
50%
Dove's wing
50%
Goosefeather
50%
Hawkfoot
50%
Hawkfrost
50%
Hawkfur
50%
Hawkstar
50%
HeronwingRc
50%
HeronwingTc
50%
Kestrelflight
50%
Kestrelwing
50%
Magpie
50%
Owlflight
50%
Owlfur
50%
Owlnose
50%
Owlpaw
50%
Robinpaw
50%
Robinstar
50%
WrenflightSkc
50%
WrenflightWc
50%
Birdy
25%
Buzzardkit
25%
Crowfrost
25%
Crowfur
25%
Duckpaw
25%
Eagle feather
25%
Eaglewing
25%
Finchflight
25%
Finchkit
25%
Finchlight
25%
Finchstar
25%
Gullswoop
25%
Heronkit
25%
Jay frost
25%
Kite wing
25%
Owlclaw
25%
Owl song
25%
Owlwhisker
25%
Quailheart
25%
Quailkit
25%
Quailpaw
25%
Ravencry
25%
Robinkit
25%
Starlingfeather
25%
Starlingwing
25%
Storkkit
25%
Swallow
25%
Swallowflight
25%
SwallowtailRc
25%
SwallowtailWc
25%
Swankit
25%
Thrushcall
25%
Thrushwing
25%
Crow muzzle
0%
Eaglekit
0%
Eaglestorm
0%
Falcon swoop
0%
Fallowfern
0%
Fallowkit
0%
Fallowpaw
0%
Fallowsong
0%
Fallowstar
0%
Fallowtail
0%
Finch song
0%
Gooseberry
0%
Hawksnow
0%
Hawk swoop
0%
Jackdaw's cry
0%
Larksplash
0%
MistlekitSkc
0%
MistlekitTc
0%
Pigeonpaw
0%
Rook
0%
Rooktail
0%
Thrushtalon
0%
No matching quizzes found
Score Distribution
Percent of People with Each Score
Percentile by Number Answered
Your Score History
You have not taken this quiz since the last reset